| 000 | 00874nam a2200217Ia 4500 | ||
|---|---|---|---|
| 001 | 7969 | ||
| 005 | 20260420150913.0 | ||
| 008 | 260306t2012||||xx |||||||||||||| ||spa|| | ||
| 041 | _aESP | ||
| 082 |
_a364.24 _bS68 |
||
| 100 |
_aSoría Verde, Miguel Ángel (coord.) _eAUT |
||
| 245 | 0 | _aPsicología criminal | |
| 260 | _c2012 | ||
| 300 |
_axix, 491 páginas : _c24 cm. |
||
| 650 | _aGEN | ||
| 654 | _aCPS | ||
| 856 |
_uhttps://itmsp.museknowledge.com/UCSP?url=https://www.ebooks7-24.com:443/?il=3452&pg=1 _zVersión digital (2006) |
||
| 856 |
_uhttps://0u213x86s-y-https-ebooks7--24-com.itmsp.museknowledge.com/biblioteca.aspx _zVéase además: Base de datos Ebook7-24 |
||
| 856 |
_uhttps://0u20vx80g-y-https-ebookcentral-proquest-com.itmsp.museknowledge.com/lib/catolicasp/home.action _zVéase además: Base de datos ProQuest Ebook Central |
||
| 942 |
_cLIB _dJUS _fJUS _2ddc |
||
| 999 |
_c7969 _d7969 |
||